[Event "XII Open Vallee d'Aoste A"]
[Site "Saint Vincent - Chatillon ITA"]
[Date "2004.02.12"]
[Round "6"]
[White "Kragelj, Igor"]
[Black "Sedina, Elena"]
[Result "0-1"]
[WhiteElo "2247"]
[BlackElo "2393"]
[PlyCount "60"]
[EventDate "2004.02.08"]

1. d4 Nf6 2. c4 c6 3. Nc3 d5 4. Nf3 a6 5. e3 b5 6. b3 Bg4 7. Be2 e6 8. O-O Nbd7
9. h3 Bh5 10. Bb2 Bd6 11. Ne5 Bxe2 12. Nxe2 bxc4 13. bxc4 O-O 14. Qc2 Bxe5 15.
dxe5 Ne4 16. f3 Nec5 17. Bd4 Qa5 18. Rfc1 Rfc8 19. cxd5 cxd5 20. Rab1 h6 21.
Rb2 Na4 22. Qxc8+ Rxc8 23. Rxc8+ Kh7 24. Rbc2 Qe1+ 25. Kh2 Ndb6 26. R8c7 Nc4
27. Ng3 Nxe3 28. Bxe3 Qxe3 29. Rxf7 Nc3 30. f4 d4 0-1

[Event "XII Open Vallee d'Aoste A"]
[Site "Saint Vincent - Chatillon ITA"]
[Date "2004.02.12"]
[Round "6"]
[White "Neri, Enzo"]
[Black "Manca, Federico"]
[Result "0-1"]
[WhiteElo "2114"]
[BlackElo "2363"]
[PlyCount "105"]
[EventDate "2004.02.08"]

1. d4 d5 2. Nf3 c5 3. dxc5 e6 4. e4 Bxc5 5. exd5 exd5 6. c3 Ne7 7. Be2 Nbc6 8.
O-O h6 9. b4 Bd6 10. Na3 O-O 11. Nb5 Bb8 12. Nbd4 Nxd4 13. cxd4 Qd6 14. Qb3 Bg4
15. g3 Qf6 16. Re1 Bd6 17. Ne5 Bxe2 18. Rxe2 Rfd8 19. Bb2 Rac8 20. Rae1 Rc7 21.
Ng4 Qf5 22. Ne5 Rdc8 23. Nd3 h5 24. Kg2 h4 25. f4 Qg6 26. Ne5 Bxe5 27. Rxe5
Rc2+ 28. R1e2 Nf5 29. Kf2 hxg3+ 30. hxg3 R8c3 31. Bxc3 Qxg3+ 32. Kf1 Qf3+ 33.
Kg1 Rxe2 34. Rxe2 Qxe2 35. Qxd5 Qe3+ 36. Kh1 Qh3+ 37. Kg1 Qg3+ 38. Kh1 Qh3+ 39.
Kg1 Qe3+ 40. Kh1 Qc1+ 41. Kh2 Qxf4+ 42. Kh1 Qh4+ 43. Kg1 Qg3+ 44. Kh1 Qh3+ 45.
Kg1 Qe3+ 46. Kg2 Qe2+ 47. Kg1 Qd1+ 48. Kh2 Qe2+ 49. Kg1 g6 50. Qd8+ Kh7 51. Qc7
Qe3+ 52. Kh1 Qf3+ 53. Kh2 0-1

[Event "XII Open Vallee d'Aoste A"]
[Site "Saint Vincent - Chatillon ITA"]
[Date "2004.02.12"]
[Round "6"]
[White "Nevednichy, Vladislav"]
[Black "Giffard, Nicolas"]
[Result "1-0"]
[WhiteElo "2548"]
[BlackElo "2345"]
[PlyCount "121"]
[EventDate "2004.02.08"]

1. e4 c6 2. c4 e5 3. Nf3 d6 4. d4 Nd7 5. Nc3 Ngf6 6. Be2 Be7 7. O-O O-O 8. Be3
a6 9. d5 cxd5 10. cxd5 Ng4 11. Bd2 a5 12. h3 Ngf6 13. Be3 Ne8 14. Rc1 g6 15.
Qb3 f5 16. Na4 fxe4 17. Nd2 Nef6 18. Bb5 Kg7 19. Rfd1 Rb8 20. Ba7 Ra8 21. Be3
Rb8 22. Bxd7 Bxd7 23. Nb6 Be8 24. Rc4 Bf7 25. Nxe4 Nxe4 26. Rxe4 Bg5 27. Ra4
Bxe3 28. Qxe3 Be8 29. Rxa5 Rf4 30. Ra3 Bf7 31. Rc3 Rb4 32. Rb3 Qh4 33. Rxb4
Qxb4 34. b3 Rf8 35. Rc1 Bg8 36. Rc7+ Rf7 37. Rc4 Qa3 38. Rc2 Rf6 39. Qc3 Bf7
40. Nc4 Qc5 41. Ne3 Qd4 42. Qd2 h5 43. Qc1 b5 44. Rd2 Qb4 45. Qb2 Rf4 46. a3
Qc5 47. b4 Qa7 48. Qc1 Qa8 49. Rd3 Qd8 50. Qc6 Be8 51. Qc2 Qb6 52. Qc8 Rf8 53.
Rd2 Qa7 54. Qd8 Qa6 55. Rc2 Bf7 56. Qg5 Qxa3 57. Nf5+ Kg8 58. Rc7 Qd3 59. Rxf7
Rxf7 60. Qxg6+ Kf8 61. Qxd6+ 1-0

[Event "XII Open Vallee d'Aoste A"]
[Site "Saint Vincent - Chatillon ITA"]
[Date "2004.02.12"]
[Round "6"]
[White "Olarasu, Gabriela"]
[Black "Prie, Eric"]
[Result "1/2-1/2"]
[WhiteElo "2311"]
[BlackElo "2429"]
[PlyCount "76"]
[EventDate "2004.02.08"]

1. d4 d5 2. c4 c6 3. Nc3 Nf6 4. Nf3 a6 5. c5 Nbd7 6. Bf4 Nh5 7. e3 Nxf4 8. exf4
b6 9. cxb6 Qxb6 10. Bd3 Qxb2 11. Rc1 g6 12. O-O Bh6 13. g3 O-O 14. Na4 Qa3 15.
Rxc6 Qxa2 16. Rc3 Nf6 17. Nb6 Rb8 18. Nxc8 Rfxc8 19. Rxc8+ Rxc8 20. Qa1 Qxa1
21. Rxa1 Rc3 22. Be2 Ne4 23. Rxa6 Rc1+ 24. Kg2 Rc2 25. Kf1 f6 26. Ra1 g5 27.
fxg5 Bxg5 28. Nxg5 fxg5 29. Ke1 Rb2 30. Bf3 Nxf2 31. Bxd5+ Kg7 32. Ra3 Ng4 33.
Ra7 Kf6 34. Ra6+ Kg7 35. Ra7 Rxh2 36. Rxe7+ Kf6 37. Rf7+ Kg6 38. Rf3 Rb2
1/2-1/2

[Event "XII Open Vallee d'Aoste A"]
[Site "Saint Vincent - Chatillon ITA"]
[Date "2004.02.12"]
[Round "6"]
[White "Ortega, Lexy"]
[Black "Abeln, Michiel"]
[Result "0-1"]
[WhiteElo "2454"]
[BlackElo "2291"]
[PlyCount "63"]
[EventDate "2004.02.08"]

1. d4 f5 2. Nc3 Nf6 3. Bg5 d5 4. Bxf6 exf6 5. e3 Be6 6. Bd3 Nc6 7. Qf3 Qd7 8.
a3 O-O-O 9. Nge2 g6 10. h3 h5 11. Nf4 Bf7 12. Bb5 Kb8 13. Nd3 Qe6 14. O-O Na5
15. b4 Nc4 16. Rfd1 Nd6 17. Nc5 Qc8 18. a4 g5 19. g3 g4 20. hxg4 h4 21. Be2
hxg3 22. fxg3 Bh6 23. Nb5 Rhe8 24. Ra3 fxg4 25. Qf2 Ne4 26. Nxe4 Rxe4 27. Qxf6
Bxe3+ 28. Kg2 Bg5 29. Qxg5 Rxe2+ 30. Kg1 Rh8 31. Re3 Reh2 32. Rf1 0-1

[Event "XII Open Vallee d'Aoste A"]
[Site "Saint Vincent - Chatillon ITA"]
[Date "2004.02.12"]
[Round "6"]
[White "Romanishin, Oleg M."]
[Black "Lanzani, Mario"]
[Result "1-0"]
[WhiteElo "2537"]
[BlackElo "2352"]
[PlyCount "85"]
[EventDate "2004.02.08"]

1. d4 Nf6 2. Nf3 c5 3. d5 e6 4. Nc3 exd5 5. Nxd5 Nxd5 6. Qxd5 d6 7. c3 Nc6 8.
e4 Be7 9. Bc4 Be6 10. Qd3 Bxc4 11. Qxc4 Qd7 12. O-O O-O 13. Bf4 Qe6 14. Qd5
Rad8 15. Rad1 Rfe8 16. Rfe1 h6 17. h3 Bf8 18. Bg3 Be7 19. Nh2 Bf8 20. Nf1 f5
21. Qxe6+ Rxe6 22. exf5 Rxe1 23. Rxe1 d5 24. Bf4 d4 25. g4 b5 26. Re6 dxc3 27.
bxc3 Ne7 28. Ne3 Nd5 29. Nxd5 Rxd5 30. Ra6 Rd3 31. Be5 Rd5 32. Bf4 Rd3 33. Be5
Rd5 34. f4 b4 35. c4 Rd1+ 36. Kg2 Rc1 37. Rxa7 Rxc4 38. Ra8 Kf7 39. g5 hxg5 40.
fxg5 Re4 41. g6+ Ke7 42. Ra7+ Ke8 43. Bxg7 1-0

[Event "XII Open Vallee d'Aoste A"]
[Site "Saint Vincent - Chatillon ITA"]
[Date "2004.02.12"]
[Round "6"]
[White "Tomba, Ivan"]
[Black "Ciuksyte, Dagne"]
[Result "1-0"]
[WhiteElo "2236"]
[BlackElo "2392"]
[PlyCount "77"]
[EventDate "2004.02.08"]

1. e4 c5 2. Nf3 e6 3. d4 cxd4 4. Nxd4 a6 5. Bd3 Bc5 6. Nb3 Be7 7. O-O d6 8. Qg4
g6 9. Qe2 Nd7 10. c4 b6 11. Nc3 Bb7 12. f4 Qc7 13. f5 gxf5 14. exf5 e5 15. Be4
Ngf6 16. Bxb7 Qxb7 17. Bg5 Rg8 18. Bxf6 Nxf6 19. Nd2 b5 20. b3 bxc4 21. bxc4
Rc8 22. Rab1 Qa7+ 23. Kh1 Qd4 24. Nde4 Rg4 25. Nxf6+ Bxf6 26. Nd5 Bd8 27. Qf3
Qe4 28. Qh3 Bg5 29. Rbe1 Qd4 30. Qxh7 Rxc4 31. Qg8+ Kd7 32. Qxf7+ Kc6 33. Rb1
Qe4 34. Rb6+ Kc5 35. Qc7+ Kd4 36. Rd1+ Qd3 37. Rxd3+ Kxd3 38. Rc6 Bd8 39. Qxd6
1-0

[Event "XII Open Vallee d'Aoste A"]
[Site "Saint Vincent - Chatillon ITA"]
[Date "2004.02.12"]
[Round "6"]
[White "Van den Bersselaar, Jeroen"]
[Black "Mantovani, Renzo"]
[Result "0-1"]
[WhiteElo "2188"]
[BlackElo "2375"]
[PlyCount "80"]
[EventDate "2004.02.08"]

1. d4 Nf6 2. c4 c5 3. d5 g6 4. Nc3 Bg7 5. e4 O-O 6. Nge2 e6 7. Ng3 exd5 8. exd5
h5 9. Bg5 Qb6 10. Qd2 Nh7 11. Be3 d6 12. Be2 Nd7 13. h3 h4 14. Nf1 f5 15. Nh2
f4 16. Bxf4 Rxf4 17. Qxf4 Qxb2 18. O-O Bxc3 19. Bg4 Ne5 20. Bxc8 Rxc8 21. Rab1
Qd2 22. Qxh4 Qg5 23. Qxg5 Nxg5 24. Rxb7 Bd4 25. Kh1 Ne4 26. g4 Nxc4 27. Kg2 Rf8
28. Nf3 Bxf2 29. Rxf2 Nxf2 30. Kxf2 Nd2 31. Rd7 Nxf3 32. Rxd6 Nd4+ 33. Kg3 Kg7
34. Ra6 Rf3+ 35. Kg2 Rf7 36. d6 Rd7 37. Kf2 Kf6 38. Ke3 Ke5 39. h4 Nc2+ 40. Kf3
Nb4 0-1

[Event "XII Open Vallee d'Aoste A"]
[Site "Saint Vincent - Chatillon ITA"]
[Date "2004.02.12"]
[Round "6"]
[White "Welling, Gerard"]
[Black "Medancic, Rikard"]
[Result "1-0"]
[WhiteElo "2373"]
[BlackElo "2277"]
[PlyCount "85"]
[EventDate "2004.02.08"]

1. d4 d5 2. c4 c6 3. Nf3 Nf6 4. cxd5 cxd5 5. Nc3 Nc6 6. Bf4 e6 7. e3 Be7 8. h3
a6 9. Bd3 b5 10. O-O Bb7 11. Rc1 Rc8 12. Ne5 Nxe5 13. Bxe5 O-O 14. Qf3 Qd7 15.
a3 Rc6 16. Rc2 Rfc8 17. Rfc1 Qd8 18. Qe2 Qa5 19. Nb1 g6 20. Rxc6 Rxc6 21. Rxc6
Bxc6 22. Qc2 Qb6 23. Nd2 Nd7 24. Bf4 a5 25. Nb3 Kg7 26. Nxa5 Qxa5 27. Qxc6 Nf6
28. Qxb5 Qe1+ 29. Bf1 Ne4 30. Qe2 Qc1 31. f3 Nd6 32. Bxd6 Bxd6 33. f4 h6 34.
Kf2 g5 35. g3 f6 36. Qb5 Qc7 37. Kf3 e5 38. Qxd5 gxf4 39. gxf4 exf4 40. Bc4 h5
41. Qg8+ Kh6 42. Bf7 Qb7+ 43. d5 1-0

[Event "XII Open Vallee d'Aoste A"]
[Site "Saint Vincent - Chatillon ITA"]
[Date "2004.02.13"]
[Round "7"]
[White "Abeln, Michiel"]
[Black "Contin, Daniel"]
[Result "0-1"]
[WhiteElo "2291"]
[BlackElo "2394"]
[PlyCount "56"]
[EventDate "2004.02.08"]

1. d4 Nf6 2. c4 e6 3. Nc3 Bb4 4. Bd2 b6 5. e3 Bb7 6. Nf3 Bxc3 7. Bxc3 Ne4 8.
Rc1 O-O 9. Bd3 d6 10. O-O f5 11. Nd2 Qg5 12. Nf3 Qg6 13. Ne1 Nd7 14. f3 Nxc3
15. Rxc3 c5 16. Nc2 Rad8 17. Qe1 Qf6 18. Ra3 a5 19. Qg3 cxd4 20. exd4 e5 21.
Qf2 g6 22. b4 axb4 23. Ra7 Rb8 24. Rb1 exd4 25. Qxd4 Ne5 26. Be2 Ba8 27. Rxb4
Nc6 28. Qd5+ Kh8 0-1

[Event "XII Open Vallee d'Aoste A"]
[Site "Saint Vincent - Chatillon ITA"]
[Date "2004.02.13"]
[Round "7"]
[White "Astengo, Corrado"]
[Black "Djingarova, Emilia"]
[Result "0-1"]
[WhiteElo "2135"]
[BlackElo "2344"]
[PlyCount "72"]
[EventDate "2004.02.08"]

1. e4 e5 2. Nf3 Nc6 3. Bb5 a6 4. Ba4 Nf6 5. Qe2 b5 6. Bb3 Be7 7. c3 O-O 8. O-O
d5 9. d3 Bb7 10. Rd1 h6 11. Nbd2 Re8 12. Nf1 Bf8 13. Ne3 Na5 14. Bc2 c5 15. Nf5
Qc7 16. b3 Rad8 17. Ba3 b4 18. cxb4 cxb4 19. Bb2 Nc6 20. Rac1 d4 21. Nd2 g6 22.
Ng3 h5 23. Nc4 h4 24. Qf3 Qe7 25. Nf1 Nh5 26. Ra1 Bc8 27. Bc1 Bg7 28. Bd2 h3
29. gxh3 Qh4 30. Re1 Bxh3 31. Bd1 Re6 32. Ng3 Rf6 33. Nf5 gxf5 34. Qxh5 Rg6+
35. Kh1 Bg2+ 36. Kg1 Bxe4+ 0-1

[Event "XII Open Vallee d'Aoste A"]
[Site "Saint Vincent - Chatillon ITA"]
[Date "2004.02.13"]
[Round "7"]
[White "Burmakin, Vladimir"]
[Black "Saldano Dayer, Horacio"]
[Result "1/2-1/2"]
[WhiteElo "2596"]
[BlackElo "2420"]
[PlyCount "78"]
[EventDate "2004.02.08"]

1. d4 Nf6 2. Nf3 g6 3. c4 Bg7 4. Nc3 O-O 5. e4 d6 6. Be2 Bg4 7. O-O Nfd7 8. d5
Bxf3 9. Bxf3 a5 10. Qc2 Nc5 11. Bd2 e5 12. Rad1 Nbd7 13. Be2 Nf6 14. Be3 h5 15.
h3 Kh7 16. g4 Qd7 17. f3 Ng8 18. Kg2 Bh6 19. f4 Bxf4 20. Bxf4 exf4 21. gxh5 Qe7
22. Rxf4 Qg5+ 23. Rg4 Qxh5 24. Rf1 Nh6 25. Rgf4 Qg5+ 26. Kh2 Qe5 27. Kh1 Kg7
28. Qd2 Rae8 29. Rg1 Rh8 30. Bf1 Ng8 31. Rf5 Qe7 32. Qd4+ f6 33. Rf2 Qe5 34.
Qxe5 Rxe5 35. Bg2 Nh6 36. Rff1 Rf8 37. Kh2 Rf7 38. b3 f5 39. exf5 Nxf5 1/2-1/2

[Event "XII Open Vallee d'Aoste A"]
[Site "Saint Vincent - Chatillon ITA"]
[Date "2004.02.13"]
[Round "7"]
[White "D'Amore, Carlo"]
[Black "Brady, Stephen"]
[Result "1/2-1/2"]
[WhiteElo "2441"]
[BlackElo "2362"]
[PlyCount "58"]
[EventDate "2004.02.08"]

1. Nf3 Nf6 2. g3 d5 3. Bg2 Bf5 4. d3 e6 5. Nbd2 h6 6. b3 Be7 7. Bb2 O-O 8. O-O
c5 9. c4 Nc6 10. cxd5 exd5 11. a3 Rc8 12. Rc1 b6 13. b4 cxb4 14. Rxc6 Rxc6 15.
Nd4 Bd7 16. Nxc6 Bxc6 17. axb4 Bxb4 18. Nf3 Be7 19. Qa1 Qa8 20. Rc1 Rc8 21. Bh3
Bd7 22. Bxd7 Rxc1+ 23. Qxc1 Nxd7 24. Qc7 Bf6 25. Bxf6 Nxf6 26. Ne5 a5 27. Qxf7+
Kh7 28. Qg6+ Kg8 29. Qf7+ Kh7 1/2-1/2

[Event "XII Open Vallee d'Aoste A"]
[Site "Saint Vincent - Chatillon ITA"]
[Date "2004.02.13"]
[Round "7"]
[White "Delchev, Aleksander"]
[Black "Romanishin, Oleg M."]
[Result "1/2-1/2"]
[WhiteElo "2624"]
[BlackElo "2537"]
[PlyCount "166"]
[EventDate "2004.02.08"]

1. e4 e5 2. Nf3 Nc6 3. Bb5 a6 4. Ba4 Nf6 5. O-O Be7 6. Re1 b5 7. Bb3 d6 8. c3
O-O 9. h3 Na5 10. Bc2 c5 11. d4 Nd7 12. Nbd2 cxd4 13. cxd4 Nc6 14. Nb3 a5 15.
Bd3 a4 16. Bxb5 Qb6 17. Bxc6 Qxc6 18. Nbd2 Bf6 19. b3 axb3 20. Nxb3 exd4 21.
Bb2 Ne5 22. Nfxd4 Qa6 23. Bc3 Bb7 24. Nf5 Rac8 25. Bd4 g6 26. Nh6+ Kg7 27. Ng4
Nxg4 28. hxg4 Bxd4 29. Nxd4 Rfe8 30. f3 Re5 31. Qd2 h5 32. gxh5 Rxh5 33. Kf2
Rc4 34. Rad1 Ra5 35. Re2 Qa7 36. Kg3 Rcc5 37. f4 Rh5 38. Nf3 Ra6 39. Qc3+ Kg8
40. Qf6 Qb6 41. Nd4 Qc7 42. Nf3 d5 43. Qb2 Rb6 44. Rc2 Qd6 45. e5 Rxb2 46. exd6
Rxc2 47. d7 Rc8 48. dxc8=Q+ Bxc8 49. a4 Kg7 50. Rc1 Bd7 51. a5 d4 52. Rc7 Ba4
53. a6 Ra5 54. a7 d3 55. Kf2 Bb3 56. Ke3 Bd5 57. Kxd3 Ra4 58. Re7 Bc6 59. Rc7
Bd5 60. Ng5 Kf6 61. Rd7 Be6 62. Nxe6 Kxe6 63. Rb7 f5 64. Kc3 Kd5 65. Kb3 Ra1
66. Re7 Kd6 67. Rg7 Kd5 68. Rb7 Kc6 69. Rh7 Kd5 70. Kb4 Ke4 71. Kb5 Rb1+ 72.
Ka5 Ra1+ 73. Kb6 Rb1+ 74. Ka6 Ra1+ 75. Kb7 Kxf4 76. a8=Q Rxa8 77. Kxa8 Kg3 78.
Rg7 Kxg2 79. Rxg6+ Kf3 80. Kb7 f4 81. Kc6 Ke3 82. Re6+ Kd3 83. Rf6 Ke3 1/2-1/2

[Event "XII Open Vallee d'Aoste A"]
[Site "Saint Vincent - Chatillon ITA"]
[Date "2004.02.13"]
[Round "7"]
[White "Dittmar, Peter"]
[Black "Faraoni, Enrico"]
[Result "1/2-1/2"]
[WhiteElo "2369"]
[BlackElo "2164"]
[PlyCount "51"]
[EventDate "2004.02.08"]

1. c4 g6 2. e4 d6 3. Nc3 Bg7 4. g3 e5 5. Bg2 Ne7 6. Nge2 O-O 7. d3 Be6 8. O-O
Nbc6 9. Nd5 Qd7 10. Bh6 Rae8 11. Bxg7 Kxg7 12. d4 Nd8 13. Qc2 f6 14. Rad1 Nf7
15. f4 Nxd5 16. cxd5 Bg4 17. Bf3 Bh3 18. Rf2 Nh6 19. Rc1 Rf7 20. Bg2 Bg4 21.
dxe5 fxe5 22. Nc3 Bh3 23. Qd2 Bxg2 24. Kxg2 Ng4 25. Rf3 exf4 26. gxf4 1/2-1/2

[Event "XII Open Vallee d'Aoste A"]
[Site "Saint Vincent - Chatillon ITA"]
[Date "2004.02.13"]
[Round "7"]
[White "Giffard, Nicolas"]
[Black "Frilli, Guido"]
[Result "1/2-1/2"]
[WhiteElo "2345"]
[BlackElo "2142"]
[PlyCount "44"]
[EventDate "2004.02.08"]

1. Nf3 d5 2. c4 c6 3. Qc2 Nf6 4. g3 Bg4 5. Bg2 Nbd7 6. O-O e6 7. d3 Bd6 8. cxd5
cxd5 9. Nc3 a6 10. Bd2 O-O 11. Rfc1 Rc8 12. Qa4 Qe7 13. h3 Bh5 14. Qd1 Rc7 15.
a3 Rfc8 16. Rab1 h6 17. b4 b5 18. Qe1 Bg6 19. Nd4 e5 20. Nb3 Nb6 21. e4 dxe4
22. Nxe4 Nxe4 1/2-1/2

[Event "XII Open Vallee d'Aoste A"]
[Site "Saint Vincent - Chatillon ITA"]
[Date "2004.02.13"]
[Round "7"]
[White "Golod, Vitali"]
[Black "Gagunashvili, Merab"]
[Result "1/2-1/2"]
[WhiteElo "2544"]
[BlackElo "2583"]
[PlyCount "23"]
[EventDate "2004.02.08"]

1. d4 Nf6 2. c4 e6 3. Nf3 b6 4. e3 Bb7 5. Bd3 Be7 6. O-O O-O 7. Nc3 d5 8. Qe2
c5 9. Rd1 cxd4 10. Nxd4 dxc4 11. Bxc4 Qc8 12. Bd2 1/2-1/2

[Event "XII Open Vallee d'Aoste A"]
[Site "Saint Vincent - Chatillon ITA"]
[Date "2004.02.13"]
[Round "7"]
[White "Isonzo, David"]
[Black "Drabke, Lorenz Maximilian"]
[Result "0-1"]
[WhiteElo "2336"]
[BlackElo "2439"]
[PlyCount "50"]
[EventDate "2004.02.08"]

1. e4 c5 2. Nf3 e6 3. d4 cxd4 4. Nxd4 a6 5. Bd3 Nf6 6. O-O Qc7 7. Qe2 d6 8. c4
Nbd7 9. Nc3 Ne5 10. f4 Nxd3 11. Qxd3 Be7 12. Bd2 O-O 13. Rae1 Nd7 14. b3 b6 15.
Kh1 Bf6 16. Rf3 Bb7 17. Rh3 g6 18. Qe3 Qc5 19. f5 Rfe8 20. fxe6 fxe6 21. Qh6
Nf8 22. Be3 Bxd4 23. Rf1 Re7 24. Qh4 Rae8 25. Rff3 Bxe3 0-1

[Event "XII Open Vallee d'Aoste A"]
[Site "Saint Vincent - Chatillon ITA"]
[Date "2004.02.13"]
[Round "7"]
[White "Kveinys, Aloyzas"]
[Black "Iordachescu, Viorel"]
[Result "1/2-1/2"]
[WhiteElo "2511"]
[BlackElo "2634"]
[PlyCount "49"]
[EventDate "2004.02.08"]

1. e4 e5 2. Nf3 Nf6 3. d4 Nxe4 4. Bd3 Nc6 5. dxe5 d5 6. exd6 Nxd6 7. Nc3 Be7 8.
Nd5 Be6 9. Nxe7 Qxe7 10. O-O O-O-O 11. Re1 Qd7 12. Bd2 f6 13. Bc3 Bf5 14. h3
Rhe8 15. Rxe8 Rxe8 16. Bxf5 Qxf5 17. Nd4 Nxd4 18. Bxd4 b6 19. a4 Rd8 20. Qe2
Qd5 21. Bc3 Ne4 22. Be1 a5 23. Ra3 Nc5 24. Rg3 Qd7 25. b3 1/2-1/2

[Event "XII Open Vallee d'Aoste A"]
[Site "Saint Vincent - Chatillon ITA"]
[Date "2004.02.13"]
[Round "7"]
[White "Lanzani, Mario"]
[Black "Cebalo, Miso"]
[Result "1/2-1/2"]
[WhiteElo "2352"]
[BlackElo "2475"]
[PlyCount "101"]
[EventDate "2004.02.08"]

1. e4 c5 2. Nf3 d6 3. d4 cxd4 4. Nxd4 Nf6 5. Nc3 e6 6. g4 a6 7. g5 Nfd7 8. Be3
Nc6 9. Rg1 Qc7 10. Qe2 Nxd4 11. Bxd4 b5 12. O-O-O Bb7 13. Nd5 Bxd5 14. exd5 e5
15. f4 Be7 16. Bc3 O-O 17. Bh3 Rae8 18. Bxd7 Qxd7 19. fxe5 Bd8 20. Qg4 Qxg4 21.
Rxg4 dxe5 22. Bb4 f5 23. gxf6 Rxf6 24. d6 Rf4 25. Rdg1 Rxg4 26. Rxg4 Kf7 27. c4
h5 28. Re4 Ke6 29. Kc2 Rf8 30. Bc3 Rf2+ 31. Kb3 bxc4+ 32. Kxc4 Bf6 33. d7 Kxd7
34. Bxe5 Ke6 35. Bg3+ Kf5 36. Bxf2 Kxe4 37. b4 h4 38. a4 g5 39. a5 Be5 40. Bg1
Kf3 41. b5 axb5+ 42. Kxb5 Kg2 43. a6 Bb8 44. Be3 Kxh2 45. Bxg5 h3 46. Bf4+ Bxf4
47. a7 Kg1 48. a8=Q h2 49. Qa1+ Kg2 50. Qa2+ Kg1 51. Qxh2+ 1/2-1/2

[Event "XII Open Vallee d'Aoste A"]
[Site "Saint Vincent - Chatillon ITA"]
[Date "2004.02.13"]
[Round "7"]
[White "Manca, Federico"]
[Black "Bruzon Batista, Lazaro"]
[Result "0-1"]
[WhiteElo "2363"]
[BlackElo "2603"]
[PlyCount "70"]
[EventDate "2004.02.08"]

1. e4 e5 2. Nf3 Nc6 3. d4 exd4 4. Nxd4 Bc5 5. Nxc6 Qf6 6. Qd2 dxc6 7. Nc3 Bd4
8. Bd3 Ne7 9. O-O Ng6 10. Qe1 Ne5 11. Be2 g5 12. Qd2 Rg8 13. Kh1 Bc5 14. Na4
Bd6 15. Qc3 Qe7 16. Be3 b6 17. a3 Bd7 18. b4 Ng6 19. Bd4 Be5 20. Rad1 O-O-O 21.
Nb2 Kb8 22. Nc4 Bxd4 23. Rxd4 Nf4 24. Qe3 c5 25. bxc5 Nxe2 26. Qxe2 Bb5 27.
Rfd1 Rxd4 28. Rxd4 Qxc5 29. Qd3 Rc8 30. Kg1 a5 31. h3 Ka7 32. Kh2 Ba6 33. Kg1
Re8 34. c3 Re6 35. e5 Rc6 0-1

[Event "XII Open Vallee d'Aoste A"]
[Site "Saint Vincent - Chatillon ITA"]
[Date "2004.02.13"]
[Round "7"]
[White "Mantovani, Renzo"]
[Black "Alberton, Roberto"]
[Result "1-0"]
[WhiteElo "2375"]
[BlackElo "2114"]
[PlyCount "79"]
[EventDate "2004.02.08"]

1. d4 g6 2. e4 Bg7 3. c4 c5 4. d5 d6 5. Nf3 Nf6 6. Bd3 O-O 7. h3 e6 8. Nc3 exd5
9. cxd5 b5 10. Nxb5 Nxe4 11. Bxe4 Re8 12. Ng5 Qa5+ 13. Nc3 Bxc3+ 14. bxc3 Qxc3+
15. Bd2 Qd3 16. Be3 Qc3+ 17. Kf1 Rxe4 18. Nxe4 Qc4+ 19. Kg1 Qxe4 20. Qd2 Bb7
21. f3 Qxd5 22. Qxd5 Bxd5 23. Rd1 Be6 24. Rxd6 Nd7 25. Kf2 Kf8 26. Rb1 Rc8 27.
Rb7 Ke8 28. Ra6 Nf6 29. Rbxa7 c4 30. Ra8 Rxa8 31. Rxa8+ Kd7 32. a4 Nd5 33. a5
c3 34. a6 c2 35. Bc1 Kc7 36. Ke1 Nb4 37. a7 Nd3+ 38. Kd2 Nxc1 39. Rb8 Bd5 40.
Kxc1 1-0

[Event "XII Open Vallee d'Aoste A"]
[Site "Saint Vincent - Chatillon ITA"]
[Date "2004.02.13"]
[Round "7"]
[White "Naumkin, Igor"]
[Black "Guido, Flavio"]
[Result "1-0"]
[WhiteElo "2416"]
[BlackElo "2315"]
[PlyCount "75"]
[EventDate "2004.02.08"]

1. d4 Nf6 2. c4 e6 3. Nf3 b6 4. g3 Ba6 5. b3 Bb4+ 6. Bd2 Be7 7. Nc3 O-O 8. Bg2
c6 9. O-O d5 10. Qc2 Nbd7 11. e4 dxc4 12. bxc4 Bxc4 13. Rfd1 Ba6 14. h4 Re8 15.
e5 Nd5 16. Ne4 Be2 17. Neg5 Nf8 18. Re1 Bxf3 19. Bxf3 c5 20. dxc5 Bxc5 21. Be4
g6 22. Rad1 Qc7 23. Kg2 Rad8 24. Qb3 Rd7 25. Bd3 Red8 26. Bb5 Qb7 27. Kg1 Rc7
28. h5 a6 29. Bf1 Rcd7 30. hxg6 hxg6 31. Qf3 b5 32. Bg2 Qb6 33. Re4 Nh7 34.
Nxh7 Kxh7 35. Bg5 Rh8 36. Bf6 Bxf2+ 37. Kf1 Ne3+ 38. Ke2 1-0

[Event "XII Open Vallee d'Aoste A"]
[Site "Saint Vincent - Chatillon ITA"]
[Date "2004.02.13"]
[Round "7"]
[White "Roiz, Michael"]
[Black "Godena, Michele"]
[Result "1-0"]
[WhiteElo "2544"]
[BlackElo "2515"]
[PlyCount "69"]
[EventDate "2004.02.08"]

1. d4 d5 2. c4 c6 3. Nf3 Nf6 4. Nc3 e6 5. Bg5 h6 6. Bh4 Be7 7. e3 O-O 8. cxd5
cxd5 9. Bd3 Nc6 10. O-O Ne4 11. Bxe7 Nxc3 12. bxc3 Qxe7 13. Re1 Qc7 14. Rc1 Bd7
15. Qe2 Ne7 16. Ne5 Nc6 17. Nf3 Ne7 18. Ne5 Nc6 19. Nxd7 Qxd7 20. c4 dxc4 21.
Rxc4 Na5 22. Rc5 b6 23. Rc2 Rac8 24. Rec1 Rxc2 25. Qxc2 Rd8 26. Qc7 Kf8 27. Bb5
Qd5 28. g3 Ra8 29. Bf1 Qxa2 30. Bg2 Re8 31. Qxa7 Kg8 32. Qxb6 Nb3 33. Qb5 Rd8
34. Rd1 Nd2 35. Qe2 1-0

[Event "XII Open Vallee d'Aoste A"]
[Site "Saint Vincent - Chatillon ITA"]
[Date "2004.02.13"]
[Round "7"]
[White "Rybenko, Kseniya"]
[Black "Joksic, Sinisa"]
[Result "1/2-1/2"]
[WhiteElo "2242"]
[BlackElo "2335"]
[PlyCount "101"]
[EventDate "2004.02.08"]

1. e4 c5 2. Nf3 e6 3. c3 a6 4. d4 d5 5. exd5 exd5 6. dxc5 Bxc5 7. Nbd2 Nc6 8.
Nb3 Ba7 9. Bd3 Nge7 10. O-O Bg4 11. Re1 h6 12. h3 Bh5 13. g4 Bg6 14. Bxg6 fxg6
15. Be3 Bxe3 16. Rxe3 O-O 17. Nbd4 Rf6 18. Qe2 Qd6 19. Re1 Rf7 20. Ne5 Nxd4 21.
cxd4 Rf6 22. Nd7 Qxd7 23. Rxe7 Qa4 24. Qe5 Raf8 25. Qxd5+ Kh8 26. R1e2 Rf4 27.
Qe5 Qxd4 28. Qxd4 Rxd4 29. Rxb7 g5 30. Ra7 Rd6 31. Kg2 Rb6 32. b3 Rd6 33. Rae7
Rff6 34. R7e3 Kg8 35. Rf3 Kf7 36. Re5 Rc6 37. Ra5 Kg6 38. Rxf6+ gxf6 39. Kf3 h5
40. Ke4 h4 41. Rf5 Rc2 42. a4 Rd2 43. Rf3 Kf7 44. Ke3 Rd6 45. Ke2 Rd4 46. Rd3
Rf4 47. Ke3 Rb4 48. Ke2 Rf4 49. Re3 Rb4 50. Rf3 Rd4 51. Rd3 1/2-1/2

[Event "XII Open Vallee d'Aoste A"]
[Site "Saint Vincent - Chatillon ITA"]
[Date "2004.02.13"]
[Round "7"]
[White "Sedina, Elena"]
[Black "Tomba, Ivan"]
[Result "1/2-1/2"]
[WhiteElo "2393"]
[BlackElo "2236"]
[PlyCount "114"]
[EventDate "2004.02.08"]

1. e4 c5 2. Nf3 d6 3. Bb5+ Nd7 4. O-O Ngf6 5. d4 a6 6. Bxd7+ Nxd7 7. Nc3 e6 8.
Bg5 Qc7 9. d5 e5 10. a4 g6 11. Nd2 b6 12. Nc4 Bg7 13. f4 h6 14. fxe5 Nxe5 15.
Nxe5 Bxe5 16. Bf4 Qe7 17. Qd2 Ra7 18. Nd1 Rc7 19. Ne3 Bxf4 20. Rxf4 O-O 21.
Raf1 b5 22. a5 Qe5 23. c3 Re7 24. Nc2 f6 25. Ne1 Ree8 26. Nf3 Qe7 27. Nh4 Kg7
28. Qd3 Qe5 29. Qg3 g5 30. Nf5+ Bxf5 31. exf5 Kf7 32. R4f3 Qxg3 33. hxg3 Re2
34. R1f2 Rfe8 35. g4 c4 36. Rh3 Kg7 37. Rxe2 Rxe2 38. Kf1 Re5 39. Kf2 Rxd5 40.
Re3 Rd2+ 41. Ke1 Rxb2 42. Re7+ Kf8 43. Re6 Rc2 44. Rxd6 Rxc3 45. Rxf6+ Ke7 46.
Rxa6 Ra3 47. Kd2 b4 48. Rb6 Rxa5 49. Rxb4 Ra2+ 50. Ke3 c3 51. Kd3 Rxg2 52. Kxc3
Kf6 53. Re4 h5 54. Re6+ Kf7 55. gxh5 Rf2 56. Re5 Kf6 57. Re8 Rxf5 1/2-1/2